Quizzes
Events
Quiz Creation
Community
Videos
Private Events
Remove Ads
Sign In
Join for FREE
Feedback
Dark Mode
Quiz Categories
Sports
Geography
Music
Movies
Television
Just For Fun
Miscellaneous
History
Literature
Language
Science
Gaming
Entertainment
Religion
Holiday
For Kids
Quiz Lab
Recent
Popular Today
Quiz Kudos Today
Editor Picks
Curator Picks
Quizzes by...
Day
Popularity
Type
Ratings
Length
Year
Community
Subscriptions
Recent Discussions
Orange Saloon
Badges
Playlists
Quests
Create
Leaderboards
Showdown
Live 5
Trivia Bingo
Activity
Puzzle Library
Sporcle Events
Private Events
Virtual Trivia
Globe League
Become a Host
Pub Owners
SporcleCon
Opinionation
Our Games
Videos
Blog
Mobile Apps
Partnerships
Remove Ads and Go Orange
Feedback
Music
Pop Music
The Beatles
Song
Album
Lyrics
Bands
Singers
Artist
Clip
Rock
Rap
Classical
Billboard
Country Music
Kpop
Taylor Swift
Music
Pop Music
The Beatles
Song
Album
Lyrics
Bands
Singers
Artist
Clip
Rock
Rap
Classical
Billboard
Country Music
Kpop
Taylor Swift
Random Quiz
Search Sporcle
×
Quiz Lab
Quiz Lab
Music
Song
Type in answers that appear in a list
Type in answers that appear in a list
Classic
Best Score? Go Orange.
Nightwish Songs By Album Stats
Can you name the Nightwish Songs By Album?
By
Neostinker
10m
85 Questions
1,429 Plays
1,429 Plays
1,429 Plays
Comments
Comments
Give Quiz Kudos
Give Quiz Kudos
-
- Ratings
hide this ad
Replay
Link that replays current quiz
Next Quiz
Link to next quiz in quiz playlist
You Got
0%
They Got
Avg Score
56%
Avg Friend Score
Upgrade to see
Score Distribution
Jump to the score distribution portion of the page
Score
0/85
Timer
10:00
0
Plays Today
By album
% Correct
Wishmaster
Wishmaster
91.8%
Dark Passion Play
Amaranth
90.7%
Over The Hills and Far Away
Over The Hills and Far Away
88.1%
Once
Wish I Had An Angel
87.5%
Once
Nemo
86.1%
Angels Fall First
Angels Fall First
80.9%
Once
Dark Chest Of Wonders
79.3%
Dark Passion Play
Bye Bye Beautiful
78.9%
Once
Ghost Love Score
78.6%
Dark Passion Play
The Poet And The Pendulum
77.9%
Century Child
Bless The Child
75.3%
Oceanborn
Sleeping Sun
71.8%
Angels Fall First
Beauty and The Beast
71.6%
Century Child
The Phantom Of The Opera
71.2%
Angels Fall First
Elvenpath
70.3%
Wishmaster
The Kinslayer
70%
Dark Passion Play
Eva
69.8%
Once
Planet Hell
69.2%
Wishmaster
Dead Boys Poem
67.4%
Century Child
Everdream
66.9%
Angels Fall First
The Carpenter
65.9%
Dark Passion Play
The Islander
65.5%
Oceanborn
Stargazers
65.4%
Century Child
Beauty Of The Beast
65%
Once
Creek Mary's Blood
64.5%
Once
Romanticide
64.5%
Century Child
End Of All Hope
64.4%
Once
The Siren
64%
Dark Passion Play
Sahara
64%
By album
% Correct
Wishmaster
She Is My Sin
62.9%
Dark Passion Play
Master Passion Greed
62.6%
Once
Dead Gardens
61.2%
Dark Passion Play
Meadows Of Heaven
60.3%
Century Child
Dead To The World
59.3%
Dark Passion Play
7 Days To The Wolves
59.3%
Century Child
Ocean Soul
58.8%
Oceanborn
Gethsemane
58.2%
Over The Hills and Far Away
10th Man Down
57.5%
Century Child
Slaying The Dreamer
56%
Oceanborn
Walking In The Air
55.3%
Wishmaster
Fantasmic
55.3%
Angels Fall First
Witchdrums
54.9%
Oceanborn
Devil and The Deep Dark Ocean
53.8%
Dark Passion Play
Last of The Wilds
53.6%
Dark Passion Play
Cadence of Her Last Breath
53.5%
Oceanborn
Moondance
53.3%
Angels Fall First
This Moment is Eternity
53.2%
Once
Higher Than Hope
53.1%
Angels Fall First
Eramaajarvi
53%
Angels Fall First
Etiainen
52.8%
Oceanborn
The Pharaoh Sails To Orion
52.6%
Angels Fall First
Astral Romance
52.2%
Wishmaster
Come Cover Me
51.2%
Oceanborn
Passion and The Opera
50.4%
Oceanborn
Sacrament of Wilderness
49.8%
Over The Hills and Far Away
Away
49.8%
Oceanborn
The Riddler
49.6%
Amaranth (Single)
While Your Lips Are Still Red
49.1%
By album
% Correct
Wishmaster
Wanderlust
48.6%
Dark Passion Play
Whoever Brings The Night
48.2%
Dark Passion Play
For The Heart I Once Had
47.4%
Oceanborn
Swanheart
47.3%
Century Child
Feel For You
47%
Wishmaster
Crownless
46.9%
Wishmaster
Deep Silent Complete
46.8%
Dark Passion Play (Bonus)
Escapist
46.1%
Angels Fall First
Tutankhamen
44.8%
Wishmaster
Two For Tragedy
44.5%
Century Child
Forever Yours
44.4%
Angels Fall First
Nymphomaniac Fantasia
42.7%
Oceanborn (Bonus)
Nightquest
41.8%
Wishmaster
Sleepwalker
41.2%
Once (Bonus)
White Night Fantasy
40.4%
Wishmaster
Bare Grace Misery
39.2%
Angels Fall First
Know Why The Nightingale Sings
38.2%
Century Child (Bonus)
Lagoon
37.7%
Century Child (Bonus)
Wayfarer
35.5%
Wish I Had An Angel (Single)
Where Were You Last Night
32.2%
Amaranth (Single)
Reach
31.1%
Angels Fall First
A Return to The Sea
30.6%
Once (Bonus)
Live To Tell The Tale
30.4%
Angels Fall First (Bonus)
Once Upon A Troubadour
28.6%
Over The Hills and Far Away
Astral Romance 2001
24.6%
Once
Kuolema Tekke Taiteilijan
19.3%
Angels Fall First (Bonus)
The Forever Moment
19.3%
Quiz Playlist
Details
Report
Send in Message
Add To Playlist
Classic:
Type in answers that appear in a list
Last Updated: Mar 25, 2017
Quiz Scoreboard
CHALLENGE
Sign Up to Join the Scoreboard
Show All
Scores
Hide
Comments
May contain spoilers
Recently Published
NBA Finals Game Top Scorers (2010s)
by flibbidy
Sports
5m
Guess the 'R' Things in 3 Words
by MSUKent
Miscellaneous
3m
Actor to Badly Drawn Movie III
by MoMosMoProblems
Movies
5m
More to Explore
Quiz From the Vault
Featured Blog Post
Where Does Lost Luggage Go?
hide this ad
You Might Also Like...
Tags
Album Quiz
Song Quiz
Nightwish
Today's Top Quizzes in Music
Browse Music
hide this ad
Today's Top Quizzes in Song
Browse Song
Top Contributed Quizzes in Music
1
Taylor Swift All Songs (2024)
2
Image Sorting: Rock Albums II
3
Image Sorting: Rock Albums III
4
Image Sorting: Rock Albums IV
5
Image Sorting: Rock Albums V
6
Image Sorting: Rock Albums VI
7
Taylor Swift Logic Puzzle
8
Adjectives in 80s Songs
9
Image Sorting: Album Titles
10
Nickname Match: Musicians
Explore More
Trending Topics
Kpop
Disney
Crossword
Harry Potter
NBA
Marvel
Anime
Soccer
Pokémon
NFL
The Office
Song
Country
Puzzle
WWE
hide this ad
More By:
Neostinker
Quiz
Plays
Rating
Category
Featured
Created
Historical Events of 1990
69,877
4.50
History
Oct 9, 2009
Historical Events of 1995
50,152
4.26
History
Nov 11, 2009
100 Greatest Actresses
7,407
3.69
Movies
Nov 10, 2009
Nightwish Songs By Album
1,429
4.19
Music
Sep 24, 2009
Active Military Submarines
562
5.00
Geography
Feb 14, 2010
Go to Creator's Profile
Score Distribution
Quiz Creator Spotlight
Neostinker
Follow
Send a Message
Quizzes Created
-
Created Quiz Play Count
-
More By This Creator
Popular Quizzes Today
1
Find the US States - No Outlines Minefield
2
Find the US States
3
The Countries of the World
4
10 Largest US States in Order
5
Find the Countries of Europe - No Outlines Minefield
6
US States
7
Guess the 'R' Things in 3 Words
8
NBA Finals Game Top Scorers (2010s)
More Music Quizzes
🎶 Top 160 US songs of 1981 🎶
Quiz Lab
Trending Quizzes
First Name TV: Leading Men
Match the Book to the Film II
3-Word Movies in 1 Word II
First Name TV: Leading Women Drama
Match the Book to the Film VI
Recently Updated
Women's Final Four Teams by Year
bhenderson79
Presidents Quartet II
eogle
Anything But Clue(do)
eogle
Anything But Oceanian Capitals
eogle
Anything But 7
eogle
Anything But Thing
eogle
Word Ladder: February 29
pecheneg
Song Title Questions
pecheneg
Women's NCAA Tournament #1 Seeds
pecheneg
Celebrity Mug Shots
pecheneg
Trending Topics
Disney
Marvel
Anime
NBA
Kpop
Crossword
Harry Potter
The Office
Song
Country
NFL
WWE
Soccer
Puzzle
Pokémon
Your Account Isn't Verified!
In order to create a playlist on Sporcle, you need to verify the email address you used during registration. Go to your
Sporcle Settings
to finish the process.
Report this User
Report this user for behavior that violates our
Community Guidelines
.
Details:
Send Report
Go to the Sporcle.com Mobile Site →
Comments